<?xml version="1.0" encoding="UTF-8"?>
<record
    xmlns:xsi="http://www.w3.org/2001/XMLSchema-instance"
    xsi:schemaLocation="http://www.loc.gov/MARC21/slim http://www.loc.gov/standards/marcxml/schema/MARC21slim.xsd"
    xmlns="http://www.loc.gov/MARC21/slim">

  <leader>02099nam a22002417a 4500</leader>
  <controlfield tag="003">St Aloysius Coll</controlfield>
  <controlfield tag="005">20250710135627.0</controlfield>
  <controlfield tag="008">250710b        |||||||| |||| 00| 0 eng d</controlfield>
  <datafield tag="020" ind1=" " ind2=" ">
    <subfield code="a">9789364559515</subfield>
  </datafield>
  <datafield tag="040" ind1=" " ind2=" ">
    <subfield code="c">AL</subfield>
  </datafield>
  <datafield tag="041" ind1=" " ind2=" ">
    <subfield code="a">English</subfield>
  </datafield>
  <datafield tag="082" ind1=" " ind2=" ">
    <subfield code="a">657.46</subfield>
    <subfield code="b">SINT</subfield>
  </datafield>
  <datafield tag="100" ind1=" " ind2=" ">
    <subfield code="a">Vinod K Singhania</subfield>
    <subfield code="9">218025</subfield>
  </datafield>
  <datafield tag="245" ind1=" " ind2=" ">
    <subfield code="a">Taxmann students guide to Income Tax and GST 2025-26</subfield>
  </datafield>
  <datafield tag="250" ind1=" " ind2=" ">
    <subfield code="a">73</subfield>
  </datafield>
  <datafield tag="260" ind1=" " ind2=" ">
    <subfield code="a">New Delhi</subfield>
    <subfield code="b">Taxmann</subfield>
    <subfield code="c">2025</subfield>
  </datafield>
  <datafield tag="300" ind1=" " ind2=" ">
    <subfield code="a">xvii,1034p</subfield>
    <subfield code="b">PB</subfield>
    <subfield code="c">27x21cm.</subfield>
  </datafield>
  <datafield tag="365" ind1=" " ind2=" ">
    <subfield code="2">General</subfield>
    <subfield code="a">1857</subfield>
    <subfield code="b">&#x20B9;1596.00</subfield>
    <subfield code="c">&#x20B9;</subfield>
    <subfield code="d">&#x20B9;1995.00</subfield>
    <subfield code="e">20%</subfield>
    <subfield code="f">9/07/2025</subfield>
  </datafield>
  <datafield tag="520" ind1=" " ind2=" ">
    <subfield code="a">Students' Guide to Income Tax &amp; GST remains the benchmark reference for understanding&#x2014;direct taxation under the Income-tax Act and indirect taxation under the Goods and Services Tax (GST) regime. Meticulously revised to reflect every Finance Act amendment, circular, notification and judicial pronouncement, this Edition preserves the text's hallmark clarity while incorporating a paired illustration&#x2013;exercise pedagogy that enables readers to progress from statutory comprehension to confident computational proficiency. This book is intended for the following audience:
Professional Programme Candidates &#x2013; CA (Inter/IPCC), CS (Executive), CMA (Intermediate), CFA (India); Aligns precisely with ICAI, ICSI and ICMAI syllabi; includes fully solved past-exam questions (2019-2024 undergraduate &amp; Postgraduate Scholars &#x2013; B.Com., BBA, BMS, M.Com., MBA, LL.B; Converts dense legislation into step-wise reasoning, fostering conceptual clarity and application skills Academicians &amp; Trainers &#x2013; Offers ready-to-teach modules with numbered paragraphs, classroom-tested illustrations and recapitulations  civil-service &amp; Regulatory-body Aspirants &#x2013; Provides an authoritative yet accessible treatment of taxation, a core component of many competitive examinations Finance Executives &amp; Self-learners &#x2013; Functions as a 'desk-ready' manual for day-to-day compliance, return preparation and strategic tax planning.</subfield>
  </datafield>
  <datafield tag="650" ind1=" " ind2=" ">
    <subfield code="2">Accounting</subfield>
    <subfield code="a">Income Tax</subfield>
    <subfield code="9">218026</subfield>
  </datafield>
  <datafield tag="700" ind1=" " ind2=" ">
    <subfield code="a">Singhania, Monica</subfield>
    <subfield code="9">218027</subfield>
  </datafield>
  <datafield tag="942" ind1=" " ind2=" ">
    <subfield code="2">ddc</subfield>
    <subfield code="c">BK</subfield>
  </datafield>
  <datafield tag="999" ind1=" " ind2=" ">
    <subfield code="c">234610</subfield>
    <subfield code="d">234610</subfield>
  </datafield>
  <datafield tag="952" ind1=" " ind2=" ">
    <subfield code="0">0</subfield>
    <subfield code="1">0</subfield>
    <subfield code="2">ddc</subfield>
    <subfield code="4">0</subfield>
    <subfield code="7">0</subfield>
    <subfield code="8">MCOM</subfield>
    <subfield code="a">SACPG</subfield>
    <subfield code="b">SACPG</subfield>
    <subfield code="d">2025-07-10</subfield>
    <subfield code="e">Biblios Book Point</subfield>
    <subfield code="g">1596.00</subfield>
    <subfield code="l">1</subfield>
    <subfield code="o">657.46 SINT</subfield>
    <subfield code="p">PG025050</subfield>
    <subfield code="r">2026-04-17 10:23:09</subfield>
    <subfield code="s">2025-11-13</subfield>
    <subfield code="v">1995.00</subfield>
    <subfield code="w">0000-00-00</subfield>
    <subfield code="y">BK</subfield>
  </datafield>
  <datafield tag="952" ind1=" " ind2=" ">
    <subfield code="0">0</subfield>
    <subfield code="1">0</subfield>
    <subfield code="2">ddc</subfield>
    <subfield code="4">0</subfield>
    <subfield code="7">0</subfield>
    <subfield code="8">MCOM</subfield>
    <subfield code="a">SACPG</subfield>
    <subfield code="b">SACPG</subfield>
    <subfield code="d">2025-07-10</subfield>
    <subfield code="e">Biblios Book Point</subfield>
    <subfield code="g">1596.00</subfield>
    <subfield code="l">2</subfield>
    <subfield code="o">657.46 SINT</subfield>
    <subfield code="p">PG025051</subfield>
    <subfield code="r">2026-03-05 12:48:06</subfield>
    <subfield code="s">2026-02-27</subfield>
    <subfield code="v">1995.00</subfield>
    <subfield code="w">0000-00-00</subfield>
    <subfield code="y">BK</subfield>
  </datafield>
  <datafield tag="952" ind1=" " ind2=" ">
    <subfield code="0">0</subfield>
    <subfield code="1">0</subfield>
    <subfield code="2">ddc</subfield>
    <subfield code="4">0</subfield>
    <subfield code="7">0</subfield>
    <subfield code="8">MCOM</subfield>
    <subfield code="a">SACPG</subfield>
    <subfield code="b">SACPG</subfield>
    <subfield code="d">2025-07-10</subfield>
    <subfield code="e">Biblios Book Point</subfield>
    <subfield code="g">1596.00</subfield>
    <subfield code="l">0</subfield>
    <subfield code="o">657.46 SINT</subfield>
    <subfield code="p">PG025052</subfield>
    <subfield code="r">2025-07-10 13:59:38</subfield>
    <subfield code="v">1995.00</subfield>
    <subfield code="w">0000-00-00</subfield>
    <subfield code="y">BK</subfield>
  </datafield>
</record>
